| 000 | 01376ncm a2200349 c 4500 | ||
|---|---|---|---|
| 999 |
_c296553 _d296553 |
||
| 003 | BLK | ||
| 005 | 20250130004035.0 | ||
| 008 | 180414b bul |a|er|||| |0| c|bulo| | ||
| 010 | _aNOT00000073000 | ||
| 040 | _aBLK | ||
| 041 |
_aDEU _cDEU |
||
| 080 |
_aМеса, Реквием, Магнификат, Те деум. Стабат Матер. Муз. за мъртвите _b783.29 _z783.29 |
||
| 100 | 1 |
_aБетовен, Лудвиг ван _eпърви автор _938790 |
|
| 139 |
_aБетовен, Лудвиг ван _bБ 42 |
||
| 245 | 1 | 0 |
_aMissa Solemnis _bFur vier solostimmen, Chor und Orchester _cЛудвиг ван Бетовен; * Ludwig van Beethoven. _sOp.123 |
| 254 | _aПартитура | ||
| 257 | _aDEU | ||
| 260 |
_bPeters 610 _cS. a. |
||
| 300 |
_a396 с. _c19 см |
||
| 380 | _a7 | ||
| 500 | _aВреметраене на произведението около 90 мин. | ||
| 650 | 7 |
_aВокално-инструментални творби _2 _9151228 |
|
| 653 | _aмеса - вокално-инструментална творба | ||
| 700 | 1 |
_aBeethoven, Ludwig van _e* _94813 |
|
| 852 |
_aЦб М 1224 _p0 |
||
| 856 | 4 |
_qpdf _u |
|
| 856 | 4 |
_qpdf _u |
|
| 942 |
_cNOT _n0 _s1 |
||
| 944 |
_aCR _c25.08.2003 _k _lCRON CRON |
||
| 944 |
_aED _c13.09.2017 _kИрена_Линкова |
||
| 999 | _d296553 | ||